000 00526nam a22001937a 4500
003 KOHA_MİRAKIL
005 20251006102422.0
008 251006b tu ||||| |||| 00| 0 tur d
020 _a9789757663478
040 _aTR-AnABB
_btur
_cTR-AnABB
041 _atur
082 _a813.42
_bAYV 2005
100 1 _aAyverdi, Samiha,
245 1 0 _aİbrahim Efendi Konağı /
260 _aİstanbul :
_bKubbealtı Yayınları,
_c2005
300 _a439 sayfa ;
_c19 cm
650 0 4 _aTürk edebiyatı, roman
942 _2ddc
_cBK
999 _c9097
_d9097
900 _bGizem YORULMAZ